Things That Are Yellow - Statistics

General Stats
  • This quiz has been taken 86 times
  • The average score is 11 of 12
Answer Stats
Picture Answer % Correct
lemon
100%
pineapple
100%
banana
99%
sunflower
97%
bee
95%
corn
95%
popcorn
95%
butterfly
93%
school bus
92%
minion
88%
leaf
85%
rubber duck
79%
No matching quizzes found
Score Distribution
Percent of People with Each Score
Percentile by Number Answered
Your Score History
You have not taken this quiz